| 000 | 00769nam a22001817a 4500 | ||
|---|---|---|---|
| 999 |
_c371439 _d371439 |
||
| 008 | 201127b ||||| |||| 00| 0 eng d | ||
| 040 |
_aDE-2950 _bger _cDE-2950 _erda |
||
| 041 | _ager | ||
| 245 |
_aWichtige Bahnstrecke erneut gesperrt. _bPendler: An diesem Wochenende fährt wieder kein Zug zwischen Eisenhüttenstadt und Frankfurt. Bereits im Jahr 2021 sind die Züge des RB11 und RE1 mehrmals ausgefallen / _cStefan Lötsch |
||
| 264 | _c2022 | ||
| 653 | _aFrankfurt (Oder) / Eisenhüttenstadt | ||
| 653 | _aBahnverkehr | ||
| 773 |
_dFrankfurt (Oder) Märkisches Verlags- und Druckhaus GmbH & Co KG _tMärkische Oderzeitung _g33. Jahrgang (2022) Nr. 40 vom 17.02.2022, S. 17 |
||
| 942 | _cA | ||